| 000 | 00578nam a2200181Ia 4500 | ||
|---|---|---|---|
| 008 | 090122s9999 xx 000 0 und d | ||
| 082 |
_b325 _a891.4681 |
||
| 100 |
_aघनपलवार _bमाणिक |
||
| 245 | _aराजगोपाल विलास | ||
| 260 |
_bउस्मानिका विद्यापीठ _c1974 |
||
| 300 | _a141 | ||
| 501 | _a-- | ||
| 600 | _aघनपलवार | ||
| 630 | _aराजगोपाल विलास | ||
| 700 | _aघनपलवार | ||
| 730 | _aराजगोपाल विलास | ||
| 942 | _cBOOK | ||
| 999 |
_c24403 _d24403 |
||